| 000 | 00000nam 2200000zi 4500 |
| 001 | 9.931959 |
| 003 | CaOODSP |
| 005 | 20241120091858 |
| 006 | m o d f |
| 007 | cr |n||||||||| |
| 008 | 231229e19820910quc o f|0| 0 fre d |
| 040 | |aCaOODSP|bfre|erda|cCaOODSP |
| 043 | |an-cn-qu |
| 086 | 1 |aCW66-1472/1982F-PDF |
| 100 | 1 |aDupont, Lynne, |eauteur. |
| 245 | 10|aÉtude de la clientèle / |cpar Lynne Dupont, Alain Emond, Sophie Lachance, Hélène Racine. |
| 264 | 1|a[Sainte-Foy, Québec] : |b[Service canadien de la faune], |cle 10 septembre 1982. |
| 300 | |a1 ressource en ligne (28 pages) |
| 336 | |atexte|btxt|2rdacontent/fre |
| 337 | |ainformatique|bc|2rdamedia/fre |
| 338 | |aressource en ligne|bcr|2rdacarrier/fre |
| 500 | |aÉdition numérisée de l’imprimé [par Environnement et changement climatique Canada]. |
| 650 | 6|aRefuges fauniques|zQuébec (Province)|xOpinion publique. |
| 650 | 6|aParcs nationaux|zQuébec (Province)|xOpinion publique. |
| 650 | 6|aOpinion publique|zQuébec (Province) |
| 650 | 0|aWildlife refuges|zQuébec (Province)|xPublic opinion. |
| 650 | 0|aNational parks and reserves|zQuébec (Province)|xPublic opinion. |
| 650 | 0|aPublic opinion|zQuébec (Province) |
| 651 | 6|aRéserve nationale de faune du Cap-Tourmente (Québec) |
| 651 | 0|aCap Tourmente National Wildlife Area (Quebec) |
| 710 | 2 |aService canadien de la faune, |eorganisme de publication. |
| 856 | 40|qPDF|s662 Ko|uhttps://publications.gc.ca/collections/collection_2024/eccc/cw66/CW66-1472-1982-fra.pdf |